[Event "DEM U14 2023"]
[Site "Willingen GER"]
[Date "2023.05.30"]
[Round "4"]
[White "Schuricht, Emil Frederick"]
[Black "Ermitsch, Magnus"]
[Result "1/2-1/2"]
[Termination "normal"]
[Board "4"]
[BlackTitle "FM"]
[WhiteElo "1888"]
[BlackElo "2275"]
[WhiteClock "00:22:17"]
[BlackClock "00:12:59"]
[PlyCount "96"]
[WhiteFideId "16270185"]
[BlackFideId "16234464"]
[EventCountry "GER"]
[EventRounds "9"]
[EventType "swiss"]
[EventDate "2023.05.27"]

1. d4 {[%clk 01:30:36]} {[%emt 00:00:23]} d5 {[%clk 01:30:34]} {[%emt
00:00:26]} 2. c4 {[%clk 01:30:59]} {[%emt 00:00:07]} c6 {[%clk 01:30:42]}
{[%emt 00:00:22]} 3. cxd5 {[%clk 01:31:11]} {[%emt 00:00:18]} cxd5 {[%clk
01:31:10]} {[%emt 00:00:01]} 4. Nc3 {[%clk 01:31:33]} {[%emt 00:00:09]} Nf6
{[%clk 01:31:36]} {[%emt 00:00:04]} 5. Bf4 {[%clk 01:31:57]} {[%emt 00:00:05]}
Nc6 {[%clk 01:31:31]} {[%emt 00:00:35]} 6. e3 {[%clk 01:32:21]} {[%emt
00:00:06]} Bf5 {[%clk 01:31:47]} {[%emt 00:00:15]} 7. Nf3 {[%clk 01:32:45]}
{[%emt 00:00:06]} e6 {[%clk 01:31:59]} {[%emt 00:00:18]} 8. Qb3 {[%clk
01:33:08]} {[%emt 00:00:07]} Bb4 {[%clk 01:31:23]} {[%emt 00:01:06]} 9. Bb5
{[%clk 01:32:42]} {[%emt 00:00:56]} O-O {[%clk 01:26:26]} {[%emt 00:05:27]} 10.
Bxc6 {[%clk 01:32:33]} {[%emt 00:00:39]} Bxc3+ {[%clk 01:26:49]} {[%emt
00:00:07]} 11. Qxc3 {[%clk 01:32:59]} {[%emt 00:00:04]} Ne4 {[%clk 01:19:18]}
{[%emt 00:08:00]} 12. Qa3 {[%clk 01:30:19]} {[%emt 00:03:12]} bxc6 {[%clk
01:19:38]} {[%emt 00:00:09]} 13. Ne5 {[%clk 01:25:12]} {[%emt 00:05:37]} Rc8
{[%clk 01:08:08]} {[%emt 00:12:01]} 14. Rc1 {[%clk 01:15:50]} {[%emt 00:09:52]}
c5 {[%clk 01:03:28]} {[%emt 00:05:10]} 15. dxc5 {[%clk 01:11:21]} {[%emt
00:04:59]} f6 {[%clk 01:03:34]} {[%emt 00:00:23]} 16. Nf3 {[%clk 01:10:02]}
{[%emt 00:01:50]} e5 {[%clk 01:00:16]} {[%emt 00:03:48]} 17. Bg3 {[%clk
01:09:22]} {[%emt 00:01:09]} Bg4 {[%clk 00:55:44]} {[%emt 00:05:02]} 18. O-O
{[%clk 01:04:26]} {[%emt 00:05:26]} Qd7 {[%clk 00:49:02]} {[%emt 00:07:13]} 19.
b4 {[%clk 00:45:18]} {[%emt 00:19:38]} Bxf3 {[%clk 00:35:50]} {[%emt 00:13:42]}
20. gxf3 {[%clk 00:45:42]} {[%emt 00:00:05]} Nd2 {[%clk 00:35:58]} {[%emt
00:00:22]} 21. Rfd1 {[%clk 00:45:49]} {[%emt 00:00:24]} Nxf3+ {[%clk 00:36:22]}
{[%emt 00:00:05]} 22. Kg2 {[%clk 00:43:29]} {[%emt 00:02:50]} Ng5 {[%clk
00:36:40]} {[%emt 00:00:13]} 23. Qd3 {[%clk 00:35:20]} {[%emt 00:08:39]} Rfd8
{[%clk 00:34:50]} {[%emt 00:02:19]} 24. b5 {[%clk 00:31:33]} {[%emt 00:04:17]}
h5 {[%clk 00:32:49]} {[%emt 00:02:31]} 25. Kh1 {[%clk 00:28:00]} {[%emt
00:04:03]} Qg4 {[%clk 00:31:07]} {[%emt 00:02:12]} 26. b6 {[%clk 00:24:05]}
{[%emt 00:04:25]} h4 {[%clk 00:27:55]} {[%emt 00:03:42]} 27. Bxh4 {[%clk
00:23:33]} {[%emt 00:01:02]} Qxh4 {[%clk 00:18:22]} {[%emt 00:10:03]} 28. b7
{[%clk 00:16:00]} {[%emt 00:08:03]} Qg4 {[%clk 00:15:00]} {[%emt 00:03:53]} 29.
bxc8=Q {[%clk 00:13:58]} {[%emt 00:02:31]} Qxc8 {[%clk 00:15:10]} {[%emt
00:00:19]} 30. Qf1 {[%clk 00:12:04]} {[%emt 00:02:26]} Qc6 {[%clk 00:12:30]}
{[%emt 00:03:10]} 31. Qg2 {[%clk 00:12:03]} {[%emt 00:00:30]} e4 {[%clk
00:12:29]} {[%emt 00:00:32]} 32. Rd2 {[%clk 00:09:54]} {[%emt 00:02:39]} Nf3
{[%clk 00:12:34]} {[%emt 00:00:25]} 33. Rb2 {[%clk 00:09:53]} {[%emt 00:00:31]}
d4 {[%clk 00:08:05]} {[%emt 00:04:59]} 34. exd4 {[%clk 00:10:07]} {[%emt
00:00:16]} Rxd4 {[%clk 00:08:27]} {[%emt 00:00:07]} 35. Rb8+ {[%clk 00:10:02]}
{[%emt 00:00:35]} Kf7 {[%clk 00:07:12]} {[%emt 00:01:45]} 36. Qh3 {[%clk
00:09:12]} {[%emt 00:01:20]} e3 {[%clk 00:05:49]} {[%emt 00:01:54]} 37. Rc8
{[%clk 00:05:14]} {[%emt 00:04:28]} Qd5 {[%clk 00:04:01]} {[%emt 00:02:18]} 38.
Rc7+ {[%clk 00:05:00]} {[%emt 00:00:44]} Kg8 {[%clk 00:03:54]} {[%emt
00:00:37]} 39. Rc8+ {[%clk 00:04:57]} {[%emt 00:00:34]} Kf7 {[%clk 00:04:20]}
{[%emt 00:00:03]} 40. Rc7+ {[%clk 00:05:22]} {[%emt 00:00:05]} Kg6 {[%clk
00:00:36]} {[%emt 00:04:13]} 41. Qg2+ {[%clk 00:03:43]} {[%emt 00:02:09]} Kh6
{[%clk 00:16:10]} {[%emt 00:14:57]} 42. Rd7 {[%clk 00:25:46]} {[%emt 00:08:26]}
Qxd7 {[%clk 00:15:28]} {[%emt 00:01:11]} 43. Qxf3 {[%clk 00:25:39]} {[%emt
00:00:38]} exf2 {[%clk 00:15:16]} {[%emt 00:00:42]} 44. c6 {[%clk 00:25:37]}
{[%emt 00:00:32]} Qg4 {[%clk 00:11:36]} {[%emt 00:04:10]} 45. Qxf2 {[%clk
00:23:20]} {[%emt 00:02:48]} Rd1+ {[%clk 00:11:52]} {[%emt 00:00:13]} 46. Rxd1
{[%clk 00:23:47]} {[%emt 00:00:03]} Qxd1+ {[%clk 00:12:15]} {[%emt 00:00:07]}
47. Kg2 {[%clk 00:22:42]} {[%emt 00:01:34]} Qg4+ {[%clk 00:12:35]} {[%emt
00:00:11]} 48. Qg3 {[%clk 00:22:17]} {[%emt 00:00:55]} Qe2+ {[%clk 00:12:59]}
{[%emt 00:00:06]} 1/2-1/2

[Event "DEM U14 2023"]
[Site "Willingen GER"]
[Date "2023.05.30"]
[Round "4"]
[White "Navarro Jahnke, Leo"]
[Black "Dyachuk, Artem"]
[Result "0-1"]
[Termination "normal"]
[Board "5"]
[BlackTitle "FM"]
[WhiteElo "1954"]
[BlackElo "2312"]
[WhiteClock "00:01:40"]
[BlackClock "00:02:07"]
[PlyCount "78"]
[WhiteFideId "16234146"]
[BlackFideId "34107924"]
[EventCountry "GER"]
[EventRounds "9"]
[EventType "swiss"]
[EventDate "2023.05.27"]

1. d4 {[%clk 01:30:59]} {[%emt 00:00:01]} Nf6 {[%clk 01:30:55]} {[%emt
00:00:05]} 2. Nf3 {[%clk 01:31:23]} {[%emt 00:00:05]} e6 {[%clk 01:31:18]}
{[%emt 00:00:07]} 3. Bf4 {[%clk 01:31:50]} {[%emt 00:00:03]} c5 {[%clk
01:30:44]} {[%emt 00:01:05]} 4. e3 {[%clk 01:32:19]} Nc6 {[%clk 01:30:44]}
{[%emt 00:00:31]} 5. c3 {[%clk 01:31:59]} {[%emt 00:00:49]} Be7 {[%clk
01:28:46]} {[%emt 00:02:29]} 6. h3 {[%clk 01:32:21]} {[%emt 00:00:07]} O-O
{[%clk 01:28:31]} {[%emt 00:00:46]} 7. Bd3 {[%clk 01:32:42]} {[%emt 00:00:08]}
cxd4 {[%clk 01:22:06]} {[%emt 00:06:56]} 8. exd4 {[%clk 01:31:54]} {[%emt
00:01:18]} d6 {[%clk 01:21:09]} {[%emt 00:01:27]} 9. O-O {[%clk 01:31:17]}
{[%emt 00:01:05]} b6 {[%clk 01:19:27]} {[%emt 00:02:13]} 10. Re1 {[%clk
01:30:51]} {[%emt 00:00:56]} Bb7 {[%clk 01:19:16]} {[%emt 00:00:42]} 11. Qe2
{[%clk 01:29:41]} {[%emt 00:01:39]} Re8 {[%clk 01:18:23]} {[%emt 00:01:23]} 12.
Nbd2 {[%clk 01:21:27]} {[%emt 00:08:44]} h6 {[%clk 00:57:02]} {[%emt 00:21:52]}
13. Ne4 {[%clk 01:18:13]} {[%emt 00:03:44]} Nd5 {[%clk 00:56:16]} {[%emt
00:01:16]} 14. Bh2 {[%clk 01:15:32]} {[%emt 00:03:10]} e5 {[%clk 00:52:46]}
{[%emt 00:04:00]} 15. dxe5 {[%clk 00:59:47]} {[%emt 00:16:15]} dxe5 {[%clk
00:52:39]} {[%emt 00:00:37]} 16. Bc4 {[%clk 00:58:24]} {[%emt 00:01:53]} Nf4
{[%clk 00:49:36]} {[%emt 00:03:33]} 17. Bxf4 {[%clk 00:50:41]} {[%emt
00:08:13]} exf4 {[%clk 00:49:59]} {[%emt 00:00:08]} 18. Rad1 {[%clk 00:50:51]}
{[%emt 00:00:16]} Qc7 {[%clk 00:49:21]} {[%emt 00:01:11]} 19. Bd5 {[%clk
00:49:20]} {[%emt 00:01:58]} Bf8 {[%clk 00:34:18]} {[%emt 00:15:36]} 20. Qc4
{[%clk 00:42:10]} {[%emt 00:07:40]} Kh8 {[%clk 00:30:56]} {[%emt 00:03:52]} 21.
Nd4 {[%clk 00:36:08]} {[%emt 00:06:32]} Rac8 {[%clk 00:17:31]} {[%emt
00:13:56]} 22. Nb5 {[%clk 00:31:14]} {[%emt 00:05:23]} Qb8 {[%clk 00:17:15]}
{[%emt 00:00:47]} 23. Qf1 {[%clk 00:22:09]} {[%emt 00:09:34]} f3 {[%clk
00:14:41]} {[%emt 00:03:04]} 24. Bxf7 {[%clk 00:19:29]} {[%emt 00:03:10]} fxg2
{[%clk 00:12:43]} {[%emt 00:02:28]} 25. Qxg2 {[%clk 00:19:14]} {[%emt
00:00:44]} Re5 {[%clk 00:12:31]} {[%emt 00:00:43]} 26. Rd5 {[%clk 00:15:58]}
{[%emt 00:03:46]} a6 {[%clk 00:11:00]} {[%emt 00:02:02]} 27. Na3 {[%clk
00:11:36]} {[%emt 00:04:52]} Bxa3 {[%clk 00:07:55]} {[%emt 00:03:34]} 28. bxa3
{[%clk 00:11:19]} {[%emt 00:00:48]} Rf8 {[%clk 00:08:14]} {[%emt 00:00:10]} 29.
Rxe5 {[%emt 00:02:20]} Nxe5 {[%clk 00:08:33]} {[%emt 00:00:10]} 30. Bh5 {[%clk
00:09:44]} {[%emt 00:00:16]} Nd3 {[%clk 00:08:34]} {[%emt 00:00:29]} 31. Re3
{[%clk 00:08:49]} {[%emt 00:01:26]} Nf4 {[%clk 00:05:25]} {[%emt 00:03:38]} 32.
Qg4 {[%clk 00:08:59]} {[%emt 00:00:20]} g6 {[%clk 00:03:19]} {[%emt 00:02:36]}
33. Qd7 {[%clk 00:05:18]} {[%emt 00:04:11]} Nxh5 {[%clk 00:00:43]} {[%emt
00:03:06]} 34. Nd6 {[%clk 00:05:21]} {[%emt 00:00:27]} Bd5 {[%clk 00:01:00]}
{[%emt 00:00:14]} 35. Ne8 {[%clk 00:04:13]} {[%emt 00:01:38]} Qf4 {[%clk
00:00:58]} {[%emt 00:00:31]} 36. Nf6 {[%clk 00:00:53]} {[%emt 00:03:49]} Qxf6
{[%clk 00:01:15]} {[%emt 00:00:14]} 37. Re2 {[%clk 00:01:02]} {[%emt 00:00:21]}
Qg5+ {[%clk 00:01:35]} {[%emt 00:00:10]} 38. Kf1 {[%clk 00:01:23]} {[%emt
00:00:08]} Qc1+ {[%clk 00:01:44]} {[%emt 00:00:22]} 39. Re1 {[%clk 00:01:40]}
{[%emt 00:00:13]} Ng3+ {[%clk 00:02:07]} {[%emt 00:00:07]} 0-1

[Event "DEM U14 2023"]
[Site "Willingen GER"]
[Date "2023.05.30"]
[Round "4"]
[White "Haubold, Christian Lucas"]
[Black "Sauer, Tim"]
[Result "0-1"]
[Termination "normal"]
[Board "6"]
[WhiteElo "1949"]
[BlackElo "2093"]
[WhiteClock "00:08:15"]
[BlackClock "00:04:59"]
[PlyCount "138"]
[WhiteFideId "16259629"]
[BlackFideId "16265726"]
[EventCountry "GER"]
[EventRounds "9"]
[EventType "swiss"]
[EventDate "2023.05.27"]

1. e4 {[%clk 01:30:57]} {[%emt 00:00:03]} c5 {[%clk 01:30:52]} {[%emt
00:00:09]} 2. Nf3 {[%clk 01:31:13]} {[%emt 00:00:14]} Nc6 {[%clk 01:31:17]}
{[%emt 00:00:04]} 3. d4 {[%clk 01:31:33]} {[%emt 00:00:10]} cxd4 {[%clk
01:31:44]} {[%emt 00:00:04]} 4. Nxd4 {[%clk 01:31:55]} {[%emt 00:00:08]} g6
{[%clk 01:32:07]} {[%emt 00:00:07]} 5. Nc3 {[%clk 01:31:52]} {[%emt 00:00:33]}
Bg7 {[%clk 01:32:31]} {[%emt 00:00:06]} 6. Be3 {[%clk 01:31:34]} {[%emt
00:00:48]} Nf6 {[%clk 01:32:56]} {[%emt 00:00:05]} 7. Bc4 {[%clk 01:31:29]}
{[%emt 00:00:35]} Qa5 {[%clk 01:33:00]} {[%emt 00:00:26]} 8. O-O {[%clk
01:30:58]} {[%emt 00:01:01]} O-O {[%clk 01:33:21]} {[%emt 00:00:08]} 9. Bb3
{[%clk 01:30:23]} {[%emt 00:01:05]} d6 {[%clk 01:33:35]} {[%emt 00:00:16]} 10.
h3 {[%clk 01:30:08]} {[%emt 00:00:46]} Bd7 {[%clk 01:33:40]} {[%emt 00:00:25]}
11. Re1 {[%clk 01:25:51]} {[%emt 00:04:46]} Nxd4 {[%clk 01:28:37]} {[%emt
00:05:33]} 12. Bxd4 {[%clk 01:25:36]} {[%emt 00:00:46]} Bc6 {[%clk 01:11:15]}
{[%emt 00:17:52]} 13. Nd5 {[%clk 01:19:09]} {[%emt 00:06:56]} e5 {[%clk
01:04:05]} {[%emt 00:07:41]} 14. Bc3 {[%clk 01:07:36]} {[%emt 00:12:03]} Qd8
{[%clk 01:04:17]} {[%emt 00:00:18]} 15. Bb4 {[%clk 01:04:59]} {[%emt 00:03:07]}
a5 {[%clk 00:52:08]} {[%emt 00:12:43]} 16. Ba3 {[%clk 01:00:42]} {[%emt
00:04:43]} b5 {[%clk 00:50:47]} {[%emt 00:01:51]} 17. Nxf6+ {[%clk 00:58:46]}
{[%emt 00:02:25]} Qxf6 {[%clk 00:49:34]} {[%emt 00:01:43]} 18. c3 {[%clk
00:58:49]} {[%emt 00:00:27]} Rab8 {[%clk 00:45:13]} {[%emt 00:04:52]} 19. Qd2
{[%clk 00:56:16]} {[%emt 00:03:02]} Rfd8 {[%clk 00:45:37]} {[%emt 00:00:07]}
20. Rad1 {[%clk 00:47:34]} {[%emt 00:09:12]} Bf8 {[%clk 00:44:49]} {[%emt
00:01:15]} 21. Bd5 {[%clk 00:33:25]} {[%emt 00:14:41]} Bxd5 {[%clk 00:43:16]}
{[%emt 00:02:04]} 22. exd5 {[%clk 00:33:13]} {[%emt 00:00:42]} Qh4 {[%clk
00:40:07]} {[%emt 00:03:39]} 23. b3 {[%clk 00:29:41]} {[%emt 00:04:02]} Bh6
{[%clk 00:39:53]} {[%emt 00:00:43]} 24. Qe2 {[%clk 00:27:37]} {[%emt 00:02:35]}
Qe7 {[%clk 00:17:35]} {[%emt 00:22:46]} 25. c4 {[%clk 00:21:49]} {[%emt
00:06:18]} b4 {[%clk 00:15:19]} {[%emt 00:02:47]} 26. Bc1 {[%clk 00:19:45]}
{[%emt 00:02:33]} Bxc1 {[%clk 00:12:07]} {[%emt 00:03:42]} 27. Rxc1 {[%clk
00:20:14]} {[%emt 00:00:02]} Rbc8 {[%clk 00:10:41]} {[%emt 00:01:57]} 28. Qe3
{[%clk 00:16:28]} {[%emt 00:04:15]} f6 {[%clk 00:04:40]} {[%emt 00:06:31]} 29.
Qb6 {[%clk 00:16:04]} {[%emt 00:00:51]} Qc7 {[%clk 00:05:08]} {[%emt 00:00:04]}
30. c5 {[%clk 00:13:44]} {[%emt 00:02:50]} Rd7 {[%clk 00:00:37]} {[%emt
00:05:02]} 31. Qa6 {[%clk 00:09:48]} {[%emt 00:04:26]} Rcd8 {[%clk 00:00:35]}
{[%emt 00:00:32]} 32. c6 {[%clk 00:08:35]} {[%emt 00:01:43]} Re7 {[%clk
00:01:02]} {[%emt 00:00:03]} 33. a3 {[%clk 00:08:22]} {[%emt 00:00:42]} bxa3
{[%clk 00:00:41]} {[%emt 00:00:51]} 34. Ra1 {[%clk 00:08:41]} {[%emt 00:00:11]}
Qa7 {[%clk 00:01:01]} {[%emt 00:00:11]} 35. Qc4 {[%clk 00:07:24]} {[%emt
00:01:46]} Qc5 {[%clk 00:00:34]} {[%emt 00:00:57]} 36. Qxc5 {[%clk 00:07:02]}
{[%emt 00:00:52]} dxc5 {[%clk 00:01:00]} {[%emt 00:00:04]} 37. Red1 {[%clk
00:07:12]} {[%emt 00:00:20]} Rc7 {[%clk 00:00:35]} {[%emt 00:00:55]} 38. Kf1
{[%clk 00:06:54]} {[%emt 00:00:48]} Kf7 {[%clk 00:00:34]} {[%emt 00:00:31]} 39.
Ke2 {[%clk 00:07:16]} {[%emt 00:00:08]} Ke7 {[%clk 00:00:43]} {[%emt 00:00:22]}
40. Rxa3 {[%clk 00:07:33]} {[%emt 00:00:13]} Ra7 {[%clk 00:00:40]} {[%emt
00:00:33]} 41. Ra4 {[%clk 00:28:53]} {[%emt 00:09:10]} Kd6 {[%clk 00:27:34]}
{[%emt 00:03:36]} 42. Kd3 {[%clk 00:27:55]} {[%emt 00:01:28]} Rb8 {[%clk
00:16:19]} {[%emt 00:11:45]} 43. Kc4 {[%clk 00:20:27]} {[%emt 00:07:57]} Ra6
{[%clk 00:11:43]} {[%emt 00:05:07]} 44. Rda1 {[%clk 00:16:02]} {[%emt
00:04:55]} Rab6 {[%clk 00:07:40]} {[%emt 00:04:33]} 45. R1a3 {[%clk 00:15:33]}
{[%emt 00:00:58]} Rb4+ {[%clk 00:05:50]} {[%emt 00:02:19]} 46. Rxb4 {[%clk
00:15:55]} {[%emt 00:00:09]} Rxb4+ {[%clk 00:06:16]} {[%emt 00:00:04]} 47. Kc3
{[%clk 00:16:19]} {[%emt 00:00:06]} Rd4 {[%clk 00:03:43]} {[%emt 00:03:04]} 48.
Rxa5 {[%clk 00:15:49]} {[%emt 00:01:00]} Rxd5 {[%clk 00:04:04]} {[%emt
00:00:09]} 49. Ra7 {[%clk 00:13:41]} {[%emt 00:02:37]} Kxc6 {[%clk 00:04:23]}
{[%emt 00:00:12]} 50. Rxh7 {[%clk 00:14:00]} {[%emt 00:00:10]} Rd6 {[%clk
00:04:14]} {[%emt 00:00:39]} 51. h4 {[%clk 00:10:37]} {[%emt 00:03:52]} f5
{[%clk 00:03:45]} {[%emt 00:01:00]} 52. Rh6 {[%clk 00:10:08]} {[%emt 00:00:59]}
Kd5 {[%clk 00:03:31]} {[%emt 00:00:45]} 53. Rh7 {[%clk 00:08:27]} {[%emt
00:02:10]} Rb6 {[%clk 00:01:33]} {[%emt 00:02:27]} 54. Rd7+ {[%clk 00:08:11]}
{[%emt 00:00:47]} Ke4 {[%clk 00:00:45]} {[%emt 00:01:18]} 55. Rc7 {[%clk
00:08:11]} {[%emt 00:00:30]} Kd5 {[%clk 00:01:11]} {[%emt 00:00:05]} 56. Rd7+
{[%clk 00:07:43]} {[%emt 00:00:58]} Ke4 {[%clk 00:01:36]} {[%emt 00:00:04]} 57.
Rd3 {[%clk 00:06:21]} {[%emt 00:01:52]} Rxb3+ {[%clk 00:02:01]} {[%emt
00:00:05]} 58. Kxb3 {[%clk 00:06:39]} {[%emt 00:00:11]} Kxd3 {[%clk 00:02:28]}
{[%emt 00:00:04]} 59. Kb2 {[%clk 00:07:02]} {[%emt 00:00:08]} c4 {[%clk
00:02:18]} {[%emt 00:00:40]} 60. Kc1 {[%clk 00:07:25]} {[%emt 00:00:06]} Ke2
{[%clk 00:02:12]} {[%emt 00:00:36]} 61. f3 {[%clk 00:07:42]} {[%emt 00:00:13]}
f4 {[%clk 00:02:23]} {[%emt 00:00:19]} 62. Kc2 {[%clk 00:05:49]} {[%emt
00:02:23]} Kf2 {[%clk 00:02:40]} {[%emt 00:00:12]} 63. Kc3 {[%clk 00:06:12]}
{[%emt 00:00:07]} Kxg2 {[%clk 00:03:01]} {[%emt 00:00:10]} 64. Kxc4 {[%clk
00:06:39]} {[%emt 00:00:03]} Kxf3 {[%clk 00:03:16]} {[%emt 00:00:15]} 65. Kd5
{[%clk 00:07:05]} {[%emt 00:00:04]} e4 {[%clk 00:03:39]} {[%emt 00:00:07]} 66.
Ke6 {[%clk 00:07:28]} {[%emt 00:00:08]} e3 {[%clk 00:03:56]} {[%emt 00:00:12]}
67. Kf6 {[%clk 00:07:52]} {[%emt 00:00:05]} Kg4 {[%clk 00:04:14]} {[%emt
00:00:13]} 68. Kxg6 {[%clk 00:07:50]} {[%emt 00:00:32]} Kxh4 {[%clk 00:04:38]}
{[%emt 00:00:06]} 69. Kf5 {[%clk 00:08:15]} {[%emt 00:00:04]} e2 {[%clk
00:04:59]} {[%emt 00:00:10]} 0-1

[Event "DEM U14 2023"]
[Site "Willingen GER"]
[Date "2023.05.30"]
[Round "4"]
[White "Klaska, Philipp Leon"]
[Black "Bräutigam, Alexander"]
[Result "1-0"]
[Termination "normal"]
[Board "7"]
[WhiteElo "2026"]
[BlackElo "1892"]
[WhiteClock "00:08:52"]
[BlackClock "00:15:57"]
[PlyCount "69"]
[WhiteFideId "16238044"]
[BlackFideId "16245210"]
[EventCountry "GER"]
[EventRounds "9"]
[EventType "swiss"]
[EventDate "2023.05.27"]

1. d4 {[%clk 01:30:43]} {[%emt 00:00:17]} Nf6 {[%clk 01:30:55]} {[%emt
00:00:06]} 2. c4 {[%clk 01:31:06]} {[%emt 00:00:06]} e6 {[%clk 01:31:20]}
{[%emt 00:00:06]} 3. Nc3 {[%clk 01:31:28]} {[%emt 00:00:07]} d5 {[%clk
01:31:45]} {[%emt 00:00:06]} 4. cxd5 {[%clk 01:28:28]} {[%emt 00:03:30]} exd5
{[%clk 01:32:08]} {[%emt 00:00:07]} 5. e3 {[%clk 01:27:41]} {[%emt 00:01:16]}
c6 {[%clk 01:30:37]} {[%emt 00:02:01]} 6. Bd3 {[%clk 01:27:56]} {[%emt
00:00:13]} Bd6 {[%clk 01:30:29]} {[%emt 00:00:40]} 7. Nge2 {[%clk 01:25:38]}
{[%emt 00:02:47]} O-O {[%clk 01:29:06]} {[%emt 00:01:53]} 8. Ng3 {[%clk
01:19:15]} {[%emt 00:06:53]} Re8 {[%clk 01:25:00]} {[%emt 00:04:37]} 9. Qc2
{[%clk 01:11:23]} {[%emt 00:08:21]} Qb6 {[%clk 01:20:29]} {[%emt 00:05:02]} 10.
O-O {[%clk 01:06:08]} {[%emt 00:05:44]} Bxg3 {[%clk 01:18:27]} {[%emt
00:02:33]} 11. hxg3 {[%clk 01:05:48]} {[%emt 00:00:51]} Nbd7 {[%clk 01:17:11]}
{[%emt 00:01:46]} 12. Bd2 {[%clk 01:01:00]} {[%emt 00:05:16]} Nf8 {[%clk
01:10:11]} {[%emt 00:07:30]} 13. b4 {[%clk 00:54:12]} {[%emt 00:07:17]} Bd7
{[%clk 01:07:07]} {[%emt 00:03:36]} 14. a4 {[%clk 00:52:05]} {[%emt 00:02:36]}
a6 {[%clk 01:05:01]} {[%emt 00:02:37]} 15. Rab1 {[%clk 00:37:20]} {[%emt
00:15:14]} Rec8 {[%clk 01:03:03]} {[%emt 00:02:28]} 16. a5 {[%clk 00:33:50]}
{[%emt 00:04:00]} Qd8 {[%clk 00:58:22]} {[%emt 00:05:11]} 17. Na4 {[%clk
00:31:38]} {[%emt 00:02:42]} Rab8 {[%clk 00:56:40]} {[%emt 00:02:12]} 18. Nc5
{[%clk 00:28:51]} {[%emt 00:03:17]} Ne6 {[%clk 00:55:22]} {[%emt 00:01:49]} 19.
Bc3 {[%clk 00:27:11]} {[%emt 00:02:08]} Qe7 {[%clk 00:47:05]} {[%emt 00:08:47]}
20. Rbe1 {[%clk 00:24:56]} {[%emt 00:02:42]} Re8 {[%clk 00:46:09]} {[%emt
00:01:30]} 21. f3 {[%clk 00:21:23]} {[%emt 00:04:02]} Qd6 {[%clk 00:43:52]}
{[%emt 00:02:49]} 22. Qf2 {[%clk 00:18:28]} {[%emt 00:03:22]} Nh5 {[%clk
00:42:58]} {[%emt 00:01:26]} 23. g4 {[%clk 00:17:33]} {[%emt 00:01:25]} Nf6
{[%clk 00:42:18]} {[%emt 00:01:11]} 24. Qh4 {[%clk 00:17:07]} {[%emt 00:00:52]}
h6 {[%clk 00:41:10]} {[%emt 00:01:42]} 25. Re2 {[%clk 00:15:45]} {[%emt
00:01:50]} Qc7 {[%clk 00:35:36]} {[%emt 00:06:05]} 26. Be1 {[%clk 00:14:22]}
{[%emt 00:01:49]} Rbd8 {[%clk 00:32:42]} {[%emt 00:03:28]} 27. Bg3 {[%clk
00:13:43]} {[%emt 00:01:09]} Qc8 {[%clk 00:32:55]} {[%emt 00:00:17]} 28. Kf2
{[%clk 00:11:49]} {[%emt 00:02:19]} Ng5 {[%clk 00:26:28]} {[%emt 00:07:03]} 29.
Bf4 {[%clk 00:11:03]} {[%emt 00:01:13]} Ngh7 {[%clk 00:18:44]} {[%emt
00:08:15]} 30. Rh1 {[%clk 00:09:57]} {[%emt 00:01:35]} Bxg4 {[%clk 00:16:50]}
{[%emt 00:02:26]} 31. Bxh7+ {[%clk 00:08:15]} {[%emt 00:02:12]} Kxh7 {[%clk
00:17:04]} {[%emt 00:00:16]} 32. Bxh6 {[%clk 00:08:17]} {[%emt 00:00:28]} Bh5
{[%clk 00:16:24]} {[%emt 00:01:10]} 33. Bxg7 {[%clk 00:08:04]} {[%emt
00:00:43]} Kxg7 {[%clk 00:16:27]} {[%emt 00:00:27]} 34. Qg5+ {[%clk 00:08:28]}
{[%emt 00:00:06]} Bg6 {[%clk 00:15:57]} {[%emt 00:00:59]} 35. Qh6+ {[%clk
00:08:52]} {[%emt 00:00:06]} 1-0